| 000 | 00829nam a2200217 4500 | ||
|---|---|---|---|
| 001 | 137045 | ||
| 003 | ES-MaACL | ||
| 005 | 20251005063115.0 | ||
| 007 | t| | ||
| 008 | 070214s1955 sp r ||||1| spa d | ||
| 100 | 1 |
_aSainte-Beuve, Charles-Augustin, _d1804-1869 _9162958 |
|
| 245 | 1 | 0 |
_aRetratos literarios / _cCharles-Augustin Sainte-Beuve ; traducción del francés y notas de Juan B. Xuriguera ; con unas notas prologales de Emiliano M. Aguilera. |
| 260 |
_aBarcelona : _b[s.n.], _c1955 ( _fArtes Gráf. Rafael Salvá) |
||
| 300 |
_aXII, 305 p. ; _c19 cm. |
||
| 490 | 1 | _aCol. obras maestras | |
| 700 | 1 |
_aXuriguera, Joan Baptista ( _d1908-1987) _9117525 |
|
| 700 | 1 |
_aAguilera, Emiliano M. _918758 |
|
| 830 | 0 |
_aCol. obras maestras _9220055 |
|
| 852 |
_aES-MaACL _jC-9834 _bR.37867 |
||
| 999 |
_c137045 _d137045 |
||